Presidential Resumes Quiz Stats

Quiz not verified by Sporcle

Challenge
Share
Tweet
Embed
Score 0/20 Timer 07:00
0 Plays Today
Resume President % Correct
Oil company owner; Baseball team owner; campaign advisor; GovernorGeorge W. Bush
81.9%
Naval officer; Peanut farmer; State Senator; GovernorJimmy Carter
78.8%
Lifeguard; Soldier; Broadcaster; Actor; SAG President; GovernorRonald Reagan
76.9%
Fighter Pilot; Oil Executive; Congressman; UN Ambassador; RNC Chairman; CIA Director; Professor; Vice PresidentGeorge HW Bush
76.9%
Surveyor; Military Commander; Plantation Owner; Delegate; Commander in ChiefGeorge Washington
72.5%
Community organizer; Law school professor; State Senator; SenatorBarack Obama
71.9%
Football/Boxing coach; Lawyer; Naval officer; Congressman; Vice PresidentGerald Ford
66.3%
Lawyer; College professor; University President; GovernorWoodrow Wilson
61.9%
Historian; Assemblyman; Rancher; Police Commissioner; Asst. Secretary of the Navy; Governor; Vice PresidentTheodore Roosevelt
58.1%
Soldier; Lawyer; Congressman; Senator; Judge; Plantation owner; GeneralAndrew Jackson
56.9%
Resume President % Correct
Teacher; Lawyer; Delegate; Author; Ambassador; Vice PresidentJohn Adams
53.1%
Lawyer; Naval officer; Congressman; Senator; Vice President; Lawyer/Writer Richard Nixon
52.5%
Mining Engineer; Humanitarian; Secretary of CommerceHerbert Hoover
52.5%
Riverboat trader; Postmaster; State Legislator; Congressman; LawyerAbraham Lincoln
51.9%
Soldier; Haberdasher; Judge; Senator; Vice PresidentHarry Truman
51.3%
Ambassador; Lawyer; Senator; Ambassador; Secretary of StateJohn Quincy Adams
45.6%
Prosecutor; Solicitor General; Judge; Secretary of WarWilliam Taft
44.4%
School Principal; Brigadier General; Port Collector; Vice PresidentChester Arthur
42.5%
Clerical Worker; Lawyer; Asst. District Attorney; Sheriff; Mayor; GovernorGrover Cleveland
36.3%
Newspaper owner; Lt. Governor; SenatorWarren Harding
33.8%

You're not logged in!

Compare scores with friends on all Sporcle quizzes.
Sign Up with Email
OR
Log In

You Might Also Like...

Show Comments

Extras

Top Quizzes Today


Score Distribution

Your Account Isn't Verified!

In order to create a playlist on Sporcle, you need to verify the email address you used during registration. Go to your Sporcle Settings to finish the process.